000 01215cam a2200397 i 4500
999 _c200431059
_d49270
001 200431059
003 TR-AnTOB
005 20200109105009.0
007 ta
008 180302t20182017tu a 000 1 tur d
020 _a9786053757764 (paperback)
035 _a(TR-AnTOB)200431059
040 _aT9K
_beng
_erda
_cT9K
_dTR-AnTOB
041 1 _atur
_heng
050 4 _aPS3623.E4324494
090 _aPS3623.E4324494
_bA7819 2018
100 1 _aWeir, Andy
_eauthor
_9122666
240 1 0 _aArtemis.
_lTurkish.
245 1 0 _aArtemis /
_cAndy Weir ; çeviren Emre Aygün.
250 _a2. baskı.
264 1 _aİstanbul :
_bİthaki Yayınları,
_c2018.
264 4 _c©2017, 2018
300 _a341 pages :
_billustrations ;
_c21 cm
336 _atext
_btxt
_2rdacontent.
337 _aunmediated
_bn
_2rdamedia.
338 _avolume
_bnc
_2rdacarrier.
490 0 _aİthaki Yayınları ;
_v1327
500 _aTranslation of: Artemis.
650 7 _aKomplolar
_vRoman
_2etuturkob
_995741
650 7 _aKaçakçılık
_vRoman
_2etuturkob
_9122667
650 7 _aAy
_vRoman
_2etuturkob
_9122669
700 1 _aAygün, Emre
_etranslator
_9122670
942 _2lcc
_cBK